| 000 | 01218nam a2200337 a 4500 | ||
|---|---|---|---|
| 001 | 3970160 | ||
| 003 | OSt | ||
| 005 | 20140310184410.0 | ||
| 008 | 940428s1994 nyua j b 001 0 eng d | ||
| 010 | _a 94188990 | ||
| 020 | _a0590475606 (pbk.) : | ||
| 035 | _a(OCoLC)30341615 | ||
| 040 |
_aOCl _cOCl _dDLC |
||
| 042 |
_alccopycat _alcac |
||
| 043 | _an-us--- | ||
| 050 | 0 | 0 |
_aHQ 1236.5.U6 _b.Su85 1994 |
| 100 | 1 |
_aSullivan, George, _d1927- _926065 |
|
| 245 | 1 | 4 |
_aThe day the women got the vote : _ba photo history of the women's rights movement / _cGeorge Sullivan. |
| 260 |
_aNew York : _bScholastic, _c1994 |
||
| 300 |
_a96 p. : _bill. ; _c26 cm. |
||
| 504 | _aIncludes bibliographical references (p. 93) and index. | ||
| 521 | _aG9 | ||
| 526 | _c1130 | ||
| 650 | 0 |
_aWomen's rights _zUnited States _xHistory _xJuvenile literature. _926066 |
|
| 650 | 0 |
_aFeminism _zUnited States _xHistory _xJuvenile literature. _926067 |
|
| 650 | 0 |
_aWomen _xSuffrage _zUnited States _xHistory _xJuvenile literature. _926068 |
|
| 906 |
_a7 _bcbc _ccopycat _d2 _encip _f19 _gy-gencatlg |
||
| 942 |
_2lcc _cBK-SCHOLAS |
||
| 999 |
_c34095 _d34095 |
||